Instructor's Manual to Accompany Economics by Heinz Kohler

Saved in:
Bibliographic Details
Main Author: Kohler, Heinz
Format: Book
Language:English
Published: Lexington Heath and Co. 1992
Edition:1. ed.
Subjects:
Tags: Add Tag
No Tags, Be the first to tag this record!

MARC

LEADER 00000nam a2200000 4500
001 c012452
005 20221206083228.8
020 |a 0-669-21776-X 
041 0 |a eng 
044 |a US 
245 1 0 |a Instructor's Manual to Accompany Economics by Heinz Kohler  |c Heinz Kohler 
250 |a 1. ed. 
264 1 |a Lexington  |b Heath and Co.  |c 1992 
300 |a 156 s. 
610 2 0 |a ekonómia 
610 2 0 |a teórie ekonomické 
610 2 0 |a makroekonomika 
610 2 0 |a politika fiškálna 
610 2 0 |a zamestnanosť 
610 2 0 |a keynesizmus 
610 2 0 |a trh finančný 
610 2 0 |a nezamestnanosť 
610 2 0 |a inflácia 
610 2 0 |a produktivita práce 
100 1 |a Kohler, Heinz